Tribunales Superiores de Justicia

Bibliographic Details
Format: eBook
Language:Spanish
Published: Barcelona : vLex
Subjects:
Online Access:Acceso restringido

MARC

LEADER 00000nam a22000007a 4500
005 20120126134230.0
007 cr|||| ||||
008 120126c19889999sp d||d|s|||| 0|||b spa d
035 |a 116 
040 |a vLex 
090 |c 2954  |d 2954 
245 0 0 |a Tribunales Superiores de Justicia  |h [Recurso electrn̤ico]  
256 |a Servicio en ln̕ea 
260 |a Barcelona :  |b vLex 
300 |a 1 recurso electrn̤ico 
500 |a Descripcin̤: Esta base de datos contiene sentencias emitidas por todos los Tribunales Superiores de Justicia de Espaą y por todas sus salas.  
506 1 |a Contenido solo disponible en los productos indicados  |d vLex Global   |d vLex Global (Academic Edition, excluding Law Schools)   |d vLex Global (U.S. Academic Edition, Law Schools)   |d vLex Global (U.S. Academic Edition, excluding Law Schools)   |d vLex Global (Academic Edition, Law Schools)  
610 1 4 |a Espaą.  |b Tribunales Superiores de Justicia 
650 |a Sentencias  |x Publicaciones perid̤icas 
740 0 |a vLex Jurisprudencia (Servicios en ln̕ea) 
856 4 0 |u http://vlex.com/source/jurisprudencia-tsj-116  |z Acceso restringido 
942 |c TR 
999 0 |a Jurisprudence  |b Spain